000
00235nam a22000857a 4500
008
160922b xxu||||| |||| 00| 0 eng d
100
_9
708
_a
Rangarajan.R.etal
245
_a
Together with Science-X
260
_a
New Delhi
_b
R.S Publications
_c
2009
999
_c
3365
_d
3365